Personnage des winx (netflix) - Statistiques

Statistiques générales
  • Ce quiz a été pris 896 fois
    689 depuis la dernière actualisation
  • Le résultat moyen est 10 sur 22
Statistiques - réponses
Hint Réponse % Correct
1 Bloom Peters
99%
4 Musa
91%
3 Stella
91%
10 Flora
87%
6 Sky D'Éraklyon
82%
2 Terra Harvey
65%
7 Riven
61%
5 Aïcha
59%
8 Beatrix
50%
15 Sam Harvey
35%
12 Farah Dowling
34%
11 Rosalind
32%
9 Saul Silva
30%
16 Ben Harvey
28%
20 La reine Luna de Solaria
25%
21 Andreas D'Eraklyon
24%
14 Dane
24%
17 Sebastian
21%
13 Grey
13%
19 Vanessa Peters
13%
18 Mike Peters
12%
22 Callum
7%
Aucun quiz correspondant
Distribution des résultats
% des personnes avec chaque résultat
Percentile par nombre de réponses
Votre historique - résultats
Vous n’avez pas pris ce quiz depuis la dernière actualisation